[Event "1 Open internacional Amic Hotel"]
[Site "Palma de Mallorca ESP"]
[Date "2015.03.24"]
[Round "3.6"]
[White "Starostits, Ilmars"]
[Black "Dukaczewski, Piotr"]
[Result "1-0"]
[WhiteElo "2453"]
[BlackElo "2295"]
[PlyCount "117"]
[EventDate "2015.03.22"]
[EventType "swiss"]
[EventRounds "9"]
[EventCountry "ESP"]
[Source "lmi"]
[SourceDate "2015.03.22"]

1. e4 c5 2. Nc3 Nc6 3. g3 g6 4. Bg2 Bg7 5. f4 d6 6. d3 e6 7. Nf3 Nge7 8. O-O
O-O 9. Be3 Nd4 10. e5 Nef5 11. Bf2 Nxf3+ 12. Qxf3 Nd4 13. Qd1 dxe5 14. fxe5
Bxe5 15. Ne4 f5 16. Nxc5 Qd6 17. b4 Nc6 18. Rb1 Bd4 19. Qd2 Bxf2+ 20. Qxf2 Rb8
21. Qf4 Qxf4 22. Rxf4 g5 23. Rf2 Nd8 24. Re1 b6 25. Nb3 Bb7 26. Nd4 Bxg2 27.
Kxg2 Rf6 28. g4 f4 29. h4 h6 30. hxg5 hxg5 31. Re5 Rg6 32. Rfe2 Rc8 33. c4 Nc6
34. Nxc6 Rxc6 35. c5 bxc5 36. bxc5 Kf7 37. d4 Rc7 38. Kf3 Rd7 39. Ke4 Rc7 40.
Rh2 Kf6 41. Rh8 Kg7 42. Rd8 Rf7 43. Kf3 Rc7 44. a4 Kf7 45. Rb8 Ke7 46. Rh8 Kf6
47. a5 Rc6 48. Rf8+ Kg7 49. Rb8 Ra6 50. Rb5 Kf6 51. Ke4 Rh6 52. d5 exd5+ 53.
Kxd5 Rh1 54. Rf5+ Kg6 55. Rb4 Rd1+ 56. Rd4 Rc1 57. Ke4 Re6+ 58. Kd3 Rd1+ 59.
Kc4 1-0

[Event "1 Open internacional Amic Hotel"]
[Site "Palma de Mallorca ESP"]
[Date "2015.03.24"]
[Round "3.7"]
[White "Tattersall Rodriguez, Lester"]
[Black "Del Rio De Angelis, Salvador G"]
[Result "1/2-1/2"]
[WhiteElo "2247"]
[BlackElo "2519"]
[PlyCount "85"]
[EventDate "2015.03.22"]
[EventType "swiss"]
[EventRounds "9"]
[EventCountry "ESP"]
[Source "lmi"]
[SourceDate "2015.03.22"]

1. e4 c5 2. Nf3 e6 3. c4 Nc6 4. Nc3 e5 5. g3 d6 6. Bg2 Be7 7. d3 f5 8. a3 Nf6
9. h3 O-O 10. O-O Qe8 11. Nh4 fxe4 12. dxe4 Nd4 13. Nf3 Bd7 14. a4 Qc8 15. Kh2
Nxf3+ 16. Qxf3 Ng4+ 17. hxg4 Rxf3 18. Bxf3 Bxg4 19. Nd5 Bd8 20. Bxg4 Qxg4 21.
f3 Qh5+ 22. Kg2 Bg5 23. Rh1 Qg6 24. Bxg5 Qxg5 25. Rad1 Qd8 26. Ra1 Qd7 27. Ra3
Re8 28. Rd1 Re6 29. Ne3 g6 30. b3 Re8 31. Ra2 Rd8 32. Rad2 Kf8 33. Ng4 Qe7 34.
Rd5 Qg5 35. Nxe5 Qe3 36. R5d3 Qe2+ 37. Kh3 Kg7 38. Ng4 h5 39. Nh2 g5 40. R1d2
g4+ 41. Kh4 Qe1 42. Rd1 Qf2 43. R1d2 1/2-1/2

[Event "1 Open internacional Amic Hotel"]
[Site "Palma de Mallorca ESP"]
[Date "2015.03.24"]
[Round "3.8"]
[White "Rhein, Klaus"]
[Black "Teske, Henrik"]
[Result "1-0"]
[WhiteElo "2182"]
[BlackElo "2476"]
[PlyCount "40"]
[EventDate "2015.03.22"]
[EventType "swiss"]
[EventRounds "9"]
[EventCountry "ESP"]
[Source "lmi"]
[SourceDate "2015.03.22"]

1. e4 c5 2. Nc3 Nc6 3. Bb5 Nf6 4. Bxc6 bxc6 5. d3 g6 6. f4 Bg7 7. Nf3 O-O 8.
O-O Rb8 9. Rb1 d5 10. e5 Nd7 11. Bd2 f5 12. b3 Nb6 13. Ne2 c4 14. Ned4 Bd7 15.
Bb4 h6 16. Qe1 cxd3 17. cxd3 Na8 18. Rc1 Nc7 19. Nxc6 Bxc6 20. Rxc6 Qd7 1-0

[Event "1 Open internacional Amic Hotel"]
[Site "Palma de Mallorca ESP"]
[Date "2015.03.24"]
[Round "3.9"]
[White "Plaskett, H James"]
[Black "Rehn, Ralf"]
[Result "1-0"]
[WhiteElo "2445"]
[BlackElo "2138"]
[PlyCount "95"]
[EventDate "2015.03.22"]
[EventType "swiss"]
[EventRounds "9"]
[EventCountry "ESP"]
[Source "lmi"]
[SourceDate "2015.03.22"]

1. d4 Nf6 2. Bg5 d5 3. Bxf6 exf6 4. e3 Bd6 5. Bd3 c6 6. Qf3 Na6 7. c3 Nc7 8.
Nd2 Qd7 9. h3 f5 10. Ne2 g6 11. g4 fxg4 12. hxg4 Be7 13. Rg1 Qd6 14. O-O-O Qf6
15. Qg3 Qd6 16. f4 h5 17. gxh5 gxh5 18. Nf3 Bg4 19. Ne5 f5 20. Rh1 O-O-O 21.
Nxg4 fxg4 22. Rxh5 Rxh5 23. Qxg4+ Qe6 24. Qxh5 Qxe3+ 25. Kc2 Bd6 26. Rf1 b6 27.
f5 c5 28. Rf3 Qe8 29. Qxe8 Rxe8 30. b3 Rf8 31. Kd2 Ne8 32. Nf4 Bxf4+ 33. Rxf4
Nf6 34. dxc5 bxc5 35. Ra4 Kb7 36. Rh4 Kc7 37. Ra4 Kb7 38. Ke3 Rh8 39. Ba6+ Kc7
40. Bf1 Kd6 41. Rxa7 Re8+ 42. Kd3 Ke5 43. Rc7 Kd6 44. Rf7 Ne4 45. Bg2 Nf2+ 46.
Kd2 Ra8 47. a4 Rb8 48. Kc2 1-0

[Event "1 Open internacional Amic Hotel"]
[Site "Palma de Mallorca ESP"]
[Date "2015.03.24"]
[Round "3.10"]
[White "Lacrosse, Marc"]
[Black "Mascaro March, Pedro"]
[Result "0-1"]
[WhiteElo "2136"]
[BlackElo "2416"]
[PlyCount "66"]
[EventDate "2015.03.22"]
[EventType "swiss"]
[EventRounds "9"]
[EventCountry "ESP"]
[Source "lmi"]
[SourceDate "2015.03.22"]

1. d4 Nf6 2. c4 e6 3. Nf3 c5 4. d5 exd5 5. cxd5 Bd6 6. Nc3 Bc7 7. g3 d6 8. Bg2
O-O 9. O-O Nbd7 10. e4 Re8 11. Qe2 a6 12. a4 Rb8 13. Re1 Nf8 14. h3 Ng6 15. Bd2
b5 16. axb5 axb5 17. b3 Bd7 18. Rad1 Ba5 19. Nb1 Rc8 20. Bf1 h6 21. Bxa5 Qxa5
22. Qd2 Qb6 23. Qc2 Qa5 24. Qd2 Ra8 25. Qxa5 Rxa5 26. Nbd2 Ra2 27. Kg2 h5 28.
Bd3 h4 29. Ra1 Rea8 30. Rxa2 Rxa2 31. Re2 hxg3 32. fxg3 Kf8 33. Bb1 Rb2 0-1

[Event "1 Open internacional Amic Hotel"]
[Site "Palma de Mallorca ESP"]
[Date "2015.03.24"]
[Round "3.11"]
[White "Meyer, Peter"]
[Black "Baches Garcia, Guillermo"]
[Result "0-1"]
[WhiteElo "2049"]
[BlackElo "2381"]
[PlyCount "46"]
[EventDate "2015.03.22"]
[EventType "swiss"]
[EventRounds "9"]
[EventCountry "ESP"]
[Source "lmi"]
[SourceDate "2015.03.22"]

1. e4 c5 2. d3 e6 3. f4 d5 4. Be2 Nc6 5. c3 Nf6 6. e5 Nd7 7. Nf3 Be7 8. O-O O-O
9. Na3 Rb8 10. Nc2 b5 11. d4 b4 12. f5 bxc3 13. bxc3 exf5 14. Ne3 Nb6 15. a4
Be6 16. a5 Na8 17. Qa4 Nc7 18. Ba3 Bd7 19. Qc2 f4 20. Nf5 Bxf5 21. Qxf5 Ne6 22.
dxc5 Qxa5 23. h4 Qxc3 0-1

[Event "1 Open internacional Amic Hotel"]
[Site "Palma de Mallorca ESP"]
[Date "2015.03.25"]
[Round "4.1"]
[White "Hasangatin, Ramil"]
[Black "Fedorchuk, Sergey A"]
[Result "1/2-1/2"]
[WhiteElo "2501"]
[BlackElo "2650"]
[PlyCount "34"]
[EventDate "2015.03.22"]
[EventType "swiss"]
[EventRounds "9"]
[EventCountry "ESP"]
[Source "lmi"]
[SourceDate "2015.03.22"]

1. e4 c5 2. Nf3 e6 3. c3 d5 4. exd5 Qxd5 5. d4 Nf6 6. Na3 Nc6 7. Nb5 Qd8 8.
dxc5 Bxc5 9. Qxd8+ Kxd8 10. Bf4 Ne4 11. Rd1+ Ke7 12. Nbd4 Nxd4 13. Nxd4 Rd8 14.
Bd3 Kf8 15. Bc7 Rd7 16. Be5 Bd6 17. Bxd6+ Nxd6 1/2-1/2

[Event "1 Open internacional Amic Hotel"]
[Site "Palma de Mallorca ESP"]
[Date "2015.03.25"]
[Round "4.2"]
[White "Kovchan, Alexander"]
[Black "Starostits, Ilmars"]
[Result "1-0"]
[WhiteElo "2576"]
[BlackElo "2453"]
[PlyCount "81"]
[EventDate "2015.03.22"]
[EventType "swiss"]
[EventRounds "9"]
[EventCountry "ESP"]
[Source "lmi"]
[SourceDate "2015.03.22"]

1. e4 c6 2. Nc3 d5 3. Nf3 Bg4 4. Be2 Nf6 5. h3 Bxf3 6. Bxf3 e6 7. O-O Nbd7 8.
d4 dxe4 9. Nxe4 Nxe4 10. Bxe4 Nf6 11. Bf3 Qc7 12. c4 Be7 13. Qa4 O-O 14. Be3 e5
15. dxe5 Qxe5 16. Qb3 Bd6 17. g3 Qe7 18. Bd4 Rfe8 19. Rad1 Qc7 20. Bxf6 gxf6
21. Rd4 Bc5 22. Rf4 Rad8 23. Be4 Rd4 24. Rg4+ Kh8 25. Qf3 Qe5 26. Rh4 Kg8 27.
Bxh7+ Kg7 28. Rxd4 Bxd4 29. Bd3 Bxb2 30. h4 Rd8 31. Kg2 b5 32. cxb5 cxb5 33. h5
Kh6 34. Rb1 b4 35. Bc4 Rd2 36. Bxf7 a5 37. Qa8 f5 38. Rxb2 Rxb2 39. Qc6+ Kg7
40. Qg6+ Kf8 41. Qg8+ 1-0

[Event "1 Open internacional Amic Hotel"]
[Site "Palma de Mallorca ESP"]
[Date "2015.03.25"]
[Round "4.3"]
[White "Baches Garcia, Guillermo"]
[Black "Stopa, Jacek"]
[Result "1/2-1/2"]
[WhiteElo "2381"]
[BlackElo "2544"]
[PlyCount "45"]
[EventDate "2015.03.22"]
[EventType "swiss"]
[EventRounds "9"]
[EventCountry "ESP"]
[Source "lmi"]
[SourceDate "2015.03.22"]

1. e4 e5 2. Nf3 Nc6 3. Nc3 Nf6 4. Bb5 Bb4 5. O-O O-O 6. d3 d6 7. Ne2 Bg4 8. c3
Bc5 9. Be3 Bxf3 10. gxf3 Bxe3 11. fxe3 Nh5 12. Ng3 Nxg3 13. hxg3 Qg5 14. Qe1 f5
15. Kg2 Ne7 16. Bc4+ Kh8 17. Rh1 Rf6 18. Qe2 Raf8 19. f4 Qg6 20. Qh5 fxe4 21.
Qxg6 Rxg6 22. dxe4 exf4 23. exf4 1/2-1/2

[Event "1 Open internacional Amic Hotel"]
[Site "Palma de Mallorca ESP"]
[Date "2015.03.25"]
[Round "4.4"]
[White "Smirnov, Artem"]
[Black "Munoz Pantoja, Miguel"]
[Result "1-0"]
[WhiteElo "2456"]
[BlackElo "2401"]
[PlyCount "107"]
[EventDate "2015.03.22"]
[EventType "swiss"]
[EventRounds "9"]
[EventCountry "ESP"]
[Source "lmi"]
[SourceDate "2015.03.22"]

1. d4 Nf6 2. c4 g6 3. Nc3 Bg7 4. e4 O-O 5. Nf3 c5 6. d5 d6 7. Be2 e6 8. O-O e5
9. Ne1 Ne8 10. f4 exf4 11. Bxf4 Nd7 12. Nf3 Qe7 13. Qd2 Ne5 14. Rae1 Bd7 15. h3
a6 16. a4 Rb8 17. Bxe5 Bxe5 18. Nxe5 Qxe5 19. Qf4 f6 20. Rf2 Nc7 21. Ref1 Qxf4
22. Rxf4 Kg7 23. R4f2 b5 24. e5 dxe5 25. Ne4 bxc4 26. Nxc5 Rfd8 27. Bxc4 f5 28.
d6 Ne8 29. Bxa6 f4 30. Rd2 Bf5 31. d7 Nf6 32. Bb5 h5 33. Bc6 Rb6 34. Nb7 Rxd7
35. Bxd7 Nxd7 36. Nd6 Be6 37. a5 Rb8 38. Rc1 Nf6 39. Rc7+ Kh6 40. a6 Rb4 41.
Re7 Bg8 42. a7 Ra4 43. Rc2 Ra1+ 44. Kh2 e4 45. Nxe4 Nxe4 46. Rxe4 Rxa7 47. Rxf4
Bb3 48. Rd2 Rb7 49. h4 Rb6 50. Rfd4 Rb5 51. Rd6 Bc4 52. Rc6 Bd5 53. Rc7 Be6 54.
Rd6 1-0

[Event "1 Open internacional Amic Hotel"]
[Site "Palma de Mallorca ESP"]
[Date "2015.03.25"]
[Round "4.5"]
[White "Pogorelov, Ruslan"]
[Black "Plaskett, H James"]
[Result "1/2-1/2"]
[WhiteElo "2303"]
[BlackElo "2445"]
[PlyCount "35"]
[EventDate "2015.03.22"]
[EventType "swiss"]
[EventRounds "9"]
[EventCountry "ESP"]
[Source "lmi"]
[SourceDate "2015.03.22"]

1. Nf3 c5 2. c4 Nc6 3. d4 cxd4 4. Nxd4 Nf6 5. Nc3 e6 6. a3 a6 7. e4 Qc7 8. Be3
b6 9. Nxc6 dxc6 10. f4 e5 11. f5 Bb7 12. Be2 Rd8 13. Qc2 Bc5 14. Bxc5 bxc5 15.
Bf3 g5 16. fxg6 hxg6 17. O-O O-O 18. Rac1 1/2-1/2

[Event "1 Open internacional Amic Hotel"]
[Site "Palma de Mallorca ESP"]
[Date "2015.03.25"]
[Round "4.6"]
[White "Mascaro March, Pedro"]
[Black "Blechzin, Igor"]
[Result "1/2-1/2"]
[WhiteElo "2416"]
[BlackElo "2354"]
[PlyCount "50"]
[EventDate "2015.03.22"]
[EventType "swiss"]
[EventRounds "9"]
[EventCountry "ESP"]
[Source "lmi"]
[SourceDate "2015.03.22"]

1. d4 Nf6 2. Nf3 e6 3. c4 c5 4. d5 exd5 5. cxd5 d6 6. Nc3 g6 7. h3 Bg7 8. e4
O-O 9. Bd3 a6 10. a4 Nbd7 11. Bf4 Qe7 12. O-O Nh5 13. Bh2 Bh6 14. Re1 Bf4 15.
g3 Bh6 16. Bf1 Ne5 17. Nxe5 Qxe5 18. f4 Qd4+ 19. Qxd4 cxd4 20. Ne2 d3 21. Nc3
g5 22. f5 d2 23. Red1 g4 24. hxg4 Nf6 25. Be2 Bg5 1/2-1/2

[Event "1 Open internacional Amic Hotel"]
[Site "Palma de Mallorca ESP"]
[Date "2015.03.25"]
[Round "4.7"]
[White "Skytte, Rasmus"]
[Black "Sylvan, Jacob"]
[Result "1/2-1/2"]
[WhiteElo "2407"]
[BlackElo "2321"]
[PlyCount "41"]
[EventDate "2015.03.22"]
[EventType "swiss"]
[EventRounds "9"]
[EventCountry "ESP"]
[Source "lmi"]
[SourceDate "2015.03.22"]

1. d4 Nf6 2. c4 g6 3. Nc3 Bg7 4. e4 d6 5. Be2 O-O 6. Bg5 Na6 7. Nf3 Qe8 8. e5
dxe5 9. dxe5 Nd7 10. Bf4 Nac5 11. O-O Ne6 12. Bg3 c6 13. Rc1 Bh6 14. Rb1 Nf4
15. Bxf4 Bxf4 16. Qd4 Bh6 17. Qh4 Kg7 18. e6 fxe6 19. Ng5 Nf6 20. Bg4 Nh5 21.
Nxe6+ 1/2-1/2

[Event "1 Open internacional Amic Hotel"]
[Site "Palma de Mallorca ESP"]
[Date "2015.03.25"]
[Round "4.8"]
[White "Del Rio De Angelis, Salvador G"]
[Black "Rhein, Klaus"]
[Result "1-0"]
[WhiteElo "2519"]
[BlackElo "2182"]
[PlyCount "64"]
[EventDate "2015.03.22"]
[EventType "swiss"]
[EventRounds "9"]
[EventCountry "ESP"]
[Source "lmi"]
[SourceDate "2015.03.22"]

1. d4 e6 2. c4 f5 3. Nc3 Nf6 4. e3 Bb4 5. Bd2 b6 6. Bd3 Bb7 7. f3 c5 8. Nge2
O-O 9. a3 Bxc3 10. Bxc3 d6 11. O-O Qc7 12. b4 Nbd7 13. Nf4 Rfe8 14. d5 Nf8 15.
dxe6 Nxe6 16. Bxf5 Nxf4 17. exf4 Qf7 18. Qd3 d5 19. cxd5 Bxd5 20. Rfe1 Bc4 21.
Qc2 cxb4 22. axb4 b5 23. Be5 g6 24. Be4 Nxe4 25. fxe4 Qb7 26. Bb2 h6 27. Qc3
Kh7 28. Re3 a6 29. Rae1 Ra7 30. f5 Qb6 31. Kh1 Rg8 32. Rg3 g5 1-0

[Event "1 Open internacional Amic Hotel"]
[Site "Palma de Mallorca ESP"]
[Date "2015.03.25"]
[Round "4.9"]
[White "Rodriguez Lopez, Rafael"]
[Black "Czakon, Jakub"]
[Result "0-1"]
[WhiteElo "2292"]
[BlackElo "2475"]
[PlyCount "54"]
[EventDate "2015.03.22"]
[EventType "swiss"]
[EventRounds "9"]
[EventCountry "ESP"]
[Source "lmi"]
[SourceDate "2015.03.22"]

1. e4 d6 2. d4 Nf6 3. Nc3 e5 4. Nf3 Nbd7 5. Bc4 Be7 6. a4 c6 7. O-O O-O 8. Ba2
a5 9. Qe2 exd4 10. Nxd4 Nc5 11. Rd1 Qb6 12. Kh1 Re8 13. f3 Bf8 14. Qf2 Be6 15.
Nxe6 fxe6 16. f4 Qc7 17. Qf3 d5 18. e5 Nfe4 19. Nxe4 Nxe4 20. Be3 Bc5 21. c4
Qb6 22. Re1 Bxe3 23. Qxe3 Qxb2 24. cxd5 cxd5 25. Reb1 Qc3 26. Qxc3 Nxc3 27.
Rxb7 Rab8 0-1

[Event "1 Open internacional Amic Hotel"]
[Site "Palma de Mallorca ESP"]
[Date "2015.03.25"]
[Round "4.10"]
[White "Abergel, Thal"]
[Black "Dimitrijeski, Boris"]
[Result "0-1"]
[WhiteElo "2425"]
[BlackElo "2276"]
[PlyCount "53"]
[EventDate "2015.03.22"]
[EventType "swiss"]
[EventRounds "9"]
[EventCountry "ESP"]
[Source "lmi"]
[SourceDate "2015.03.22"]

1. e4 e5 2. Nf3 Nc6 3. d4 exd4 4. Nxd4 Nf6 5. Nxc6 bxc6 6. e5 Qe7 7. Qe2 Nd5 8.
Nd2 g6 9. c4 Nf4 10. Qe3 Bh6 11. Qc3 Bg7 12. Nf3 Ne6 13. Bd3 f6 14. O-O fxe5
15. Nxe5 Qc5 16. Re1 O-O 17. Qd2 Bxe5 18. b4 Qd4 19. Rxe5 Qxe5 20. Bb2 Qf4 21.
Qc3 Kf7 22. c5 Ke7 23. Bc4 d5 24. cxd6+ cxd6 25. Re1 d5 26. Bd3 Qxf2+ 27. Kh1
0-1

[Event "1 Open internacional Amic Hotel"]
[Site "Palma de Mallorca ESP"]
[Date "2015.03.25"]
[Round "4.11"]
[White "Ochsner, Bjorn Moller"]
[Black "Tattersall Rodriguez, Lester"]
[Result "1-0"]
[WhiteElo "2359"]
[BlackElo "2247"]
[PlyCount "113"]
[EventDate "2015.03.22"]
[EventType "swiss"]
[EventRounds "9"]
[EventCountry "ESP"]
[Source "lmi"]
[SourceDate "2015.03.22"]

1. e4 e6 2. d4 d5 3. Nc3 Nf6 4. e5 Nfd7 5. f4 c5 6. Nf3 Nc6 7. Be3 Qb6 8. Na4
Qa5+ 9. c3 c4 10. b4 Qc7 11. Nb2 b5 12. Be2 a5 13. a3 axb4 14. axb4 Rxa1 15.
Qxa1 Nxb4 16. cxb4 Bxb4+ 17. Kf2 O-O 18. Ng5 Be7 19. h4 Rd8 20. Bh5 g6 21. Bg4
h6 22. Nxe6 fxe6 23. h5 Nc5 24. dxc5 d4 25. Bc1 d3 26. Be3 Bxc5 27. Nd1 b4 28.
Qa2 Rf8 29. g3 b3 30. Qa4 b2 31. Qb5 Qb7 32. Bxe6+ Kg7 33. Qxb7+ Bxb7 34. Nxb2
Bxe3+ 35. Kxe3 Bxh1 36. Nxc4 Re8 37. Bg4 Rb8 38. hxg6 Kxg6 39. Nd6 d2 40. Bf5+
Kg7 41. Kxd2 Rb3 42. Bd3 h5 43. Nf5+ Kf8 44. Ke3 Bd5 45. Nd6 Ra3 46. f5 Ra4 47.
Be4 Ra3+ 48. Kf4 Ra1 49. Ke3 Ra3+ 50. Kf4 Ra4 51. f6 Bxe4 52. Nxe4 Ra1 53. e6
Ra4 54. Kf5 Ra5+ 55. Kg6 Ra6 56. e7+ Ke8 57. Kg7 1-0

[Event "1 Open internacional Amic Hotel"]
[Site "Palma de Mallorca ESP"]
[Date "2015.03.25"]
[Round "4.12"]
[White "Hansen, Mads"]
[Black "Cerrato Nadal, Juan P"]
[Result "1-0"]
[WhiteElo "2350"]
[BlackElo "2213"]
[PlyCount "102"]
[EventDate "2015.03.22"]
[EventType "swiss"]
[EventRounds "9"]
[EventCountry "ESP"]
[Source "lmi"]
[SourceDate "2015.03.22"]

1. e4 d6 2. d4 Nf6 3. Nc3 g6 4. f4 Bg7 5. Nf3 Bg4 6. Be3 c6 7. h3 Bxf3 8. Qxf3
Qa5 9. O-O-O d5 10. e5 Ne4 11. Nxe4 dxe4 12. Qg4 e6 13. Kb1 Na6 14. Qe2 O-O 15.
g4 f5 16. exf6 Bxf6 17. Bg2 Nb4 18. a3 Nd5 19. Bxe4 Qb6 20. Rd3 Qc7 21. f5 Nxe3
22. Qxe3 exf5 23. gxf5 g5 24. Re1 Kh8 25. c3 Rfe8 26. Qd2 Rad8 27. Rde3 Re7 28.
Bd3 Qf4 29. Kc2 Rdd7 30. Re6 Qxd2+ 31. Kxd2 Kg7 32. b4 a6 33. a4 Rxe6 34. fxe6
Rd8 35. a5 Be7 36. Rf1 Rf8 37. Bf5 h6 38. Kd3 Rd8 39. Ke4 Bf6 40. Bg4 Re8 41.
Kd3 Rd8 42. Bh5 Rf8 43. Ke4 Be7 44. Rxf8 Kxf8 45. Ke5 Kg7 46. Be8 Kf8 47. Bd7
h5 48. Bc8 g4 49. hxg4 hxg4 50. Bxb7 Ke8 51. Bxa6 g3 1-0

[Event "1 Open internacional Amic Hotel"]
[Site "Palma de Mallorca ESP"]
[Date "2015.03.25"]
[Round "4.13"]
[White "Matras-Clement, Agnieszka"]
[Black "Giemsa, Stephan"]
[Result "0-1"]
[WhiteElo "2263"]
[BlackElo "2328"]
[PlyCount "46"]
[EventDate "2015.03.22"]
[EventType "swiss"]
[EventRounds "9"]
[EventCountry "ESP"]
[Source "lmi"]
[SourceDate "2015.03.22"]

1. e4 e6 2. d4 d5 3. Nd2 c5 4. exd5 Qxd5 5. Ngf3 cxd4 6. Bc4 Qd7 7. O-O Nc6 8.
Nb3 Nf6 9. Nbxd4 Nxd4 10. Nxd4 a6 11. Re1 Bc5 12. Be3 Qc7 13. Bd3 O-O 14. c3 e5
15. Bg5 Ng4 16. h3 Nxf2 17. Kxf2 exd4 18. c4 Bd7 19. Qh5 f5 20. Re2 Rae8 21.
Rae1 Rxe2+ 22. Rxe2 Bc6 23. Qh4 Be4 0-1

[Event "1 Open internacional Amic Hotel"]
[Site "Palma de Mallorca ESP"]
[Date "2015.03.26"]
[Round "5.1"]
[White "Fedorchuk, Sergey A"]
[Black "Smirnov, Artem"]
[Result "1-0"]
[WhiteElo "2650"]
[BlackElo "2456"]
[PlyCount "55"]
[EventDate "2015.03.22"]
[EventType "swiss"]
[EventRounds "9"]
[EventCountry "ESP"]
[Source "lmi"]
[SourceDate "2015.03.22"]

1. e4 c5 2. Nf3 Nc6 3. Nc3 Nf6 4. d4 cxd4 5. Nxd4 d6 6. Bg5 e6 7. Qd2 a6 8.
O-O-O Bd7 9. f4 b5 10. Bxf6 gxf6 11. Nxc6 Bxc6 12. Qe3 Qe7 13. Bd3 b4 14. Ne2
Qa7 15. Qh3 Qc5 16. f5 e5 17. Ng3 h5 18. Nxh5 Ke7 19. Kb1 Bh6 20. Rhf1 a5 21.
Rf3 a4 22. Rg3 b3 23. Qh4 bxa2+ 24. Kxa2 Bg5 25. Rxg5 a3 26. b3 Qc3 27. Rb1
fxg5 28. Qxg5+ 1-0

[Event "1 Open internacional Amic Hotel"]
[Site "Palma de Mallorca ESP"]
[Date "2015.03.26"]
[Round "5.2"]
[White "Kovchan, Alexander"]
[Black "Hasangatin, Ramil"]
[Result "0-1"]
[WhiteElo "2576"]
[BlackElo "2501"]
[PlyCount "82"]
[EventDate "2015.03.22"]
[EventType "swiss"]
[EventRounds "9"]
[EventCountry "ESP"]
[Source "lmi"]
[SourceDate "2015.03.22"]

1. e4 d5 2. exd5 Qxd5 3. Nf3 Bg4 4. Be2 Nc6 5. O-O O-O-O 6. h3 Bh5 7. Nc3 Qd7
8. b4 Bxf3 9. Bxf3 Nd4 10. a4 e6 11. Nb5 Nxf3+ 12. Qxf3 c6 13. Bb2 cxb5 14.
axb5 Qd5 15. Qc3+ Kd7 16. Rxa7 Nf6 17. Rfa1 Bd6 18. Qe3 Bb8 19. R7a5 Ke7 20. d3
Rhe8 21. b6 Qd7 22. Rg5 g6 23. Raa5 Ng8 24. Rg4 Kf8 25. Rh4 f6 26. Qf3 Kg7 27.
g4 e5 28. g5 fxg5 29. Rc4 Nf6 30. Rcc5 g4 31. hxg4 Qxg4+ 32. Qxg4 Nxg4 33. f4
Kf6 34. fxe5+ Bxe5 35. Bxe5+ Rxe5 36. Rc7 Re2 37. Ra7 Ne3 38. Raxb7 Rd4 39.
Rc6+ Kg5 40. Rc5+ Kh6 41. Rf7 Rg2+ 0-1

[Event "1 Open internacional Amic Hotel"]
[Site "Palma de Mallorca ESP"]
[Date "2015.03.26"]
[Round "5.3"]
[White "Stopa, Jacek"]
[Black "Hansen, Mads"]
[Result "1-0"]
[WhiteElo "2544"]
[BlackElo "2350"]
[PlyCount "66"]
[EventDate "2015.03.22"]
[EventType "swiss"]
[EventRounds "9"]
[EventCountry "ESP"]
[Source "lmi"]
[SourceDate "2015.03.22"]

1. d4 Nf6 2. c4 e6 3. Nc3 Bb4 4. Nf3 b6 5. Bg5 h6 6. Bh4 c5 7. d5 d6 8. Nd2 Qe7
9. Qc2 Nbd7 10. e4 Ne5 11. f3 Bd7 12. a3 Ba5 13. Rb1 Bxc3 14. bxc3 Ng6 15. Bg3
e5 16. Bf2 O-O 17. g3 Rfb8 18. h4 a6 19. Be2 Rb7 20. Nf1 Rab8 21. Ne3 b5 22.
O-O Ne8 23. Rb2 Nc7 24. Rfb1 Qf8 25. cxb5 axb5 26. c4 b4 27. axb4 Rxb4 28. Rxb4
cxb4 29. h5 Nh8 30. c5 dxc5 31. Ng4 Nb5 32. Bxc5 Rc8 33. Bxf8 Rxc2 1-0

[Event "1 Open internacional Amic Hotel"]
[Site "Palma de Mallorca ESP"]
[Date "2015.03.26"]
[Round "5.4"]
[White "Blechzin, Igor"]
[Black "Del Rio De Angelis, Salvador G"]
[Result "1/2-1/2"]
[WhiteElo "2354"]
[BlackElo "2519"]
[PlyCount "56"]
[EventDate "2015.03.22"]
[EventType "swiss"]
[EventRounds "9"]
[EventCountry "ESP"]
[Source "lmi"]
[SourceDate "2015.03.22"]

1. Nf3 f5 2. d3 Nf6 3. Bg5 e6 4. e4 Be7 5. e5 Ng4 6. Bxe7 Qxe7 7. h3 Nh6 8. Nc3
b6 9. d4 Bb7 10. d5 Qc5 11. dxe6 dxe6 12. Qd4 Qxd4 13. Nxd4 Ke7 14. f4 Nc6 15.
Nxc6+ Bxc6 16. Bb5 Bb7 17. Kf2 Rad8 18. Rhd1 g5 19. g3 Nf7 20. Rxd8 Rxd8 21.
Rd1 Rxd1 22. Nxd1 gxf4 23. gxf4 Nh8 24. Nc3 Ng6 25. Kg3 c5 26. Be2 Bc6 27. Bb5
Bb7 28. Be2 Bc6 1/2-1/2

[Event "1 Open internacional Amic Hotel"]
[Site "Palma de Mallorca ESP"]
[Date "2015.03.26"]
[Round "5.5"]
[White "Czakon, Jakub"]
[Black "Pogorelov, Ruslan"]
[Result "1/2-1/2"]
[WhiteElo "2475"]
[BlackElo "2303"]
[PlyCount "70"]
[EventDate "2015.03.22"]
[EventType "swiss"]
[EventRounds "9"]
[EventCountry "ESP"]
[Source "lmi"]
[SourceDate "2015.03.22"]

1. d4 Nf6 2. c4 e6 3. Nf3 Bb4+ 4. Nc3 c5 5. e3 O-O 6. Bd3 d5 7. O-O dxc4 8.
Bxc4 cxd4 9. exd4 b6 10. Bg5 Bb7 11. Qe2 Bxc3 12. bxc3 Nbd7 13. Bd3 Qc7 14. c4
h6 15. Bd2 Qd6 16. Rfd1 Rfe8 17. Bc3 Qf4 18. Qe3 Qxe3 19. fxe3 Rac8 20. Rac1
Rc7 21. Nd2 e5 22. Re1 Nf8 23. Bb4 Ng6 24. Bf1 Rd8 25. Nb3 Ne4 26. Ba3 Rcc8 27.
Red1 a5 28. Bb2 a4 29. Nd2 Nxd2 30. Rxd2 exd4 31. Bxd4 Ne5 32. Rb2 Nd7 33. Bxb6
Nxb6 34. Rxb6 Bc6 35. a3 Rd2 1/2-1/2

[Event "1 Open internacional Amic Hotel"]
[Site "Palma de Mallorca ESP"]
[Date "2015.03.26"]
[Round "5.6"]
[White "Starostits, Ilmars"]
[Black "Ermeni, Avni"]
[Result "1-0"]
[WhiteElo "2453"]
[BlackElo "2301"]
[PlyCount "65"]
[EventDate "2015.03.22"]
[EventType "swiss"]
[EventRounds "9"]
[EventCountry "ESP"]
[Source "lmi"]
[SourceDate "2015.03.22"]

1. e4 Nf6 2. e5 Nd5 3. d4 d6 4. Nf3 Bg4 5. Be2 e6 6. c4 Nb6 7. Nc3 dxe5 8. Nxe5
Bxe2 9. Qxe2 c6 10. O-O N8d7 11. Be3 Be7 12. Rad1 O-O 13. f4 Qc7 14. a4 Rfe8
15. a5 Nc8 16. a6 Bf8 17. Nxf7 bxa6 18. Ne4 Nf6 19. Nh6+ Kh8 20. Nxf6 gxf6 21.
Qh5 Ne7 22. Ng4 Bg7 23. Rf3 Ng6 24. f5 exf5 25. Rh3 Nf8 26. Qxf5 Qc8 27. Qh5
Re4 28. Nf2 Re7 29. d5 cxd5 30. cxd5 Qe8 31. Qf3 Rb8 32. Nd3 Rb3 33. Bc5 1-0